Państwa które najwięcej wydają na wojsko - Statystyki

Ogólne statystyki
  • Ten quiz został rozwiązany 35 razy
  • Średni wynik to 9 z 10
Statystyki odpowiedzi
# Państwo Ilość % Poprawnych
2 Chiny 296 miliardów
100%
7 Niemcy 66.8 miliardów
100%
3 Rosja 109 miliardów
100%
1 Stany Zjednoczone 916 miliardów
100%
9 Francja 61.3 miliarda
94%
4 Indie 83.6 miliarda
91%
10 Japonia 50.2 miliarda
85%
6 Wielka Brytania 74.9 miliardów
85%
8 Ukraina 64.8 miliardów
73%
5 Arabia Saudyjska 75.8 miliardów
52%
Nie znaleziono quizów pasujących do podanych kryteriów
Rozkład punktacji
Procent ludzi z każdym wynikiem
Percentyl według liczby udzielonych odpowiedzi
Twoja historia wyników
Nie rozwiązałeś tego quizu